Văn học đời Trần
Với dung lượng nhỏ nhưng những bài trích dẫn đều có in cả nguyên bản bằng chữ Hán và các từ đều được chú giải rất cẩn thận thuận tiện cho việc tra cứu và đối chiếu với các bản dịch khác...
Enregistré dans:
| Auteur principal: | |
|---|---|
| Format: | Livre |
| Langue: | Undetermined |
| Publié: |
Sài Gòn
Khai Trí
1960
|
| Sujets: | |
| Tags: |
Ajouter un tag
Pas de tags, Soyez le premier à ajouter un tag!
|
| Thư viện lưu trữ: | Trung tâm Học liệu Trường Đại học Cần Thơ |
|---|
| LEADER | 00948nam a2200205Ia 4500 | ||
|---|---|---|---|
| 001 | CTU_8339 | ||
| 008 | 210402s9999 xx 000 0 und d | ||
| 082 | |a 895.92209 | ||
| 082 | |b T450v | ||
| 100 | |a Ngô Tất Tố | ||
| 245 | 0 | |a Văn học đời Trần | |
| 245 | 0 | |c Ngô Tất Tố | |
| 260 | |a Sài Gòn | ||
| 260 | |b Khai Trí | ||
| 260 | |c 1960 | ||
| 520 | |a Với dung lượng nhỏ nhưng những bài trích dẫn đều có in cả nguyên bản bằng chữ Hán và các từ đều được chú giải rất cẩn thận thuận tiện cho việc tra cứu và đối chiếu với các bản dịch khác | ||
| 526 | |a Văn học Việt Nam trung đại 1 (thế kỷ X-nửa đầu XVIII) | ||
| 526 | |b SP515 | ||
| 650 | |a vietnamese literature - 14th century - history and criticism | ||
| 980 | |a Trung tâm Học liệu Trường Đại học Cần Thơ | ||